=LDR 00000nam 2200000 4500 =001 INLIS000000000003177 =005 20250221084509 =035 ##$$a 0010-0225000467 =007 ta =008 250221###########################0#ind## =020 ##$$a - =082 ##$$a 304.66 =084 ##$$a 304.66 BAD d =245 1#$$a Dia telah Lahir, Untukku Indonesiaku : $b - /$c Badan Kependudukan dan Keluarga Berencana Nasional (Penulis) =250 ##$$a - =260 ##$$a Jakarta :$b Badan Kependudukan dan Keluarga Berencana Nasional,$c 1999 =300 ##$$a 65 hlm : $b ilus ; $c 20 cm$e - =650 #4$$a Keluarga Berencana =110 #$$a Badan Kependudukan dan Keluarga Berencana Nasional =520 ##$$a - =856 ##$$a Perpustakaan BKKBN Pusat